Dụng thần bát tự trong ngũ hành số mệnh học
Sách cung cấp những kiến thức có giá trị tham khảo về cách nắm bắt phương pháp Dụng Thần của ngũ hành trong lĩnh vực nghiên cứu về bát tự, số mệnh.
Guardado en:
| Autor principal: | |
|---|---|
| Otros Autores: | |
| Formato: | Libro |
| Lenguaje: | Vietnamese |
| Publicado: |
H.
Hồng Đức
2016
|
| Edición: | Tái bản lần 1 |
| Materias: | |
| Etiquetas: |
Agregar Etiqueta
Sin Etiquetas, Sea el primero en etiquetar este registro!
|
| Thư viện lưu trữ: | Thư viện Trường Đại học Nam Cần Thơ |
|---|
| LEADER | 01069nam a22002177a 4500 | ||
|---|---|---|---|
| 001 | NCT_69052 | ||
| 008 | 190912b xxu||||| |||| 00| 0 vie d | ||
| 999 | |c 3344 |d 3344 | ||
| 020 | |a 9786048693374 |c 120000 | ||
| 082 | 0 | 4 | |2 23rd ed. |a 133.5 |b M312 |
| 100 | 1 | |a Lý Cư Minh | |
| 245 | 1 | 0 | |a Dụng thần bát tự trong ngũ hành số mệnh học |c Lý Cư Minh ; Hạo Nhiên (dịch) |
| 250 | |a Tái bản lần 1 | ||
| 260 | |a H. |b Hồng Đức |c 2016 | ||
| 300 | |a 486 tr. |b biểu bảng |c 21cm | ||
| 520 | 3 | |a Sách cung cấp những kiến thức có giá trị tham khảo về cách nắm bắt phương pháp Dụng Thần của ngũ hành trong lĩnh vực nghiên cứu về bát tự, số mệnh. | |
| 653 | |a Sách tham khảo | ||
| 700 | 0 | |a Hạo Nhiên |e Dịch | |
| 942 | |2 ddc |c BK | ||
| 952 | |0 0 |1 0 |2 ddc |4 0 |6 133_500000000000000_M312 |7 0 |9 17822 |a 000001 |b 000001 |d 2019-09-12 |o 133.5 M312 |p TK.00902 |r 2019-09-12 |v 120000.00 |w 2019-09-12 |y BK | ||
| 980 | |a Thư viện Trường Đại học Nam Cần Thơ | ||


